00374nam a2200133 a 450000100100000000500170001000800410002704000250006808200160009310000340010924500480014326000290019130000200022000003217920240301140759.0110713s19uu dr 000 p spa d aDO-SdBNPbspacBNPHU axxxxbA992c1 aAzar García, Aquiles,d193210aCinco manifiestos /cAquiles Azar García. a[Santo Domingo,c19--?]. a24 p. ;c18 cm.